|
|
|
|
| LEADER |
01125nam a22002417a 4500 |
| 001 |
38595 |
| 003 |
BD-DhAAL |
| 008 |
221109t1999 ii ||||| |||| 00| 0 ben d |
| 999 |
|
|
|c 45015
|d 45015
|
| 020 |
|
|
|a 8172159609
|
| 040 |
|
|
|a BD-DhAAL
|c BD-DhAAL
|
| 041 |
|
|
|a ben
|
| 082 |
|
|
|a 891.4409
|
| 100 |
|
|
|a গঙ্গোপাধ্যায়, সুনীল
|9 52281
|
| 245 |
|
|
|a আমার জীবনানন্দ আবিষ্কার ও অন্যান্য /
|c সুনীল গঙ্গোপাধ্যায়
|
| 260 |
|
|
|a কলকাতা :
|b আনন্দ পাবলিশার্স,
|c ১৯৯৯.
|
| 300 |
|
|
|a ২১৪ পৃষ্ঠা ;
|c ২২ সে.মি.
|
| 541 |
|
|
|a Donated By Akbar Ali Khan
|e 38595
|
| 650 |
|
|
|a Bengali literature.
|9 52282
|
| 650 |
|
|
|a Bengali literature
|y 20th century
|x History and criticism.
|9 52283
|
| 852 |
|
|
|a Ayesha Abed Library
|c Akbar Ali Khan Collection
|
| 942 |
|
|
|2 ddc
|c BK
|
| 952 |
|
|
|0 0
|1 0
|2 ddc
|4 0
|6 891_440900000000000_GAN
|7 1
|9 72278
|a BRACUL
|b BRACUL
|c CS1
|d 2022-11-09
|e Donated by Akbar Ali Khan
|g 70.00
|l 0
|o 891.4409 GAN
|p 3010038595
|r 2022-11-09
|t 1
|w 2022-11-09
|y BK
|